The sucess manual for general chemistry

保存先:
書誌詳細
第一著者: Elizabeth Kean
フォーマット: 図書
言語:Undetermined
出版事項: New York Random House 1986
主題:
タグ: タグ追加
タグなし, このレコードへの初めてのタグを付けませんか!
Thư viện lưu trữ: Trung tâm Học liệu Trường Đại học Cần Thơ
LEADER 00471nam a2200181Ia 4500
001 CTU_2937
008 210402s9999 xx 000 0 und d
082 |a 540 
082 |b K24 
100 |a Elizabeth Kean 
245 4 |a The sucess manual for general chemistry 
245 0 |c Elizabeth Kean 
260 |a New York 
260 |b Random House 
260 |c 1986 
650 |a chemistry 
904 |i Minh, 960831 
980 |a Trung tâm Học liệu Trường Đại học Cần Thơ